|
|
|
|
| LEADER |
00000ny a22000003n 4500 |
| 005 |
20110512115848.0 |
| 008 |
100413s20009999bl u b i0 0 a por d |
| 035 |
|
|
|a 3383
|
| 040 |
|
|
|a BUS
|d vLex
|
| 090 |
|
|
|c 1767
|d 1767
|
| 245 |
3 |
0 |
|a Tribunal de Justiȧ do Estado da Baha̕
|h [Recurso electrn̤ico]
|
| 246 |
3 |
|
|a TJB
|
| 256 |
|
|
|a Servicio en ln̕ea
|
| 260 |
|
|
|a [Brasil] :
|b [s.n.]
|
| 650 |
0 |
4 |
|a Sentencias
|z Brasil
|x Publicaciones perid̤icas
|
| 650 |
0 |
4 |
|a Tribunales de justicia
|z Brasil
|x Publicaciones perid̤icas
|
| 740 |
0 |
|
|a vLex Revista (Servicios en ln̕ea)
|
| 843 |
|
|
|a Electrn̤ica. Abierta
|
| 853 |
|
|
|8 1
|i (year)
|j (month)
|k (day)
|
| 856 |
4 |
0 |
|z Acceso restringido
|u http://vlex.com/account/login_ip?fuente_id=3383
|
| 942 |
|
|
|c REV
|